| 000 | 00813nam a2200229 i 4500 | ||
|---|---|---|---|
| 001 | 59426 | ||
| 003 | ES-MaACL | ||
| 005 | 20230906164029.0 | ||
| 007 | t| | ||
| 008 | 031029s1980 sp ||||1| spa d | ||
| 245 | 0 | 0 |
_aEnsayos sobre explicación y comprensión _b: contribuciones a la filosofía de las ciencias humanas y sociales / _cJ. Hintikka ... [et al.] ; compilación de Juha Manninen y Raimo Toumela ; versión española de Luis Vega. |
| 260 |
_a[Madrid] : _bAlianza, _c[1980] |
||
| 300 |
_a204 p. ; _c20 cm. |
||
| 490 | 1 | _aAlianza universidad | |
| 700 | 1 |
_aManninen, Juha. _976067 |
|
| 700 | 1 |
_aVega, Luis. _9113569 |
|
| 700 | 1 |
_aHintikka, J. _963787 |
|
| 700 | 1 |
_aToumela, Raimo. _9111135 |
|
| 830 | 0 |
_aAlianza universidad _9177276 |
|
| 852 |
_aES-MaACL _jL-1042 _bR.101248 |
||
| 999 |
_c59426 _d59426 |
||